000 00748nam a2200241Ia 4500
003 OSt
005 20220927105902.0
006 a|||||r|||| 00| 0
007 ta
008 220926b |||||||| |||| 00| 0 eng d
024 _a55812
037 _cReference Collections
040 _aRTL
_cRTL
_beng
041 _2eng
_aeng
082 _a"X;(B)pl, N70, L0"
111 _aWorld congress of the econometric society 2nd (1970 : ambridge)
_9375567
245 0 _aProgramm and abstracts of papers
260 _aCambridge
_bWorld congress of the econometric society
_c1970
300 _a"xiii, 221p."
_ccm.
650 _aMathematical Economics
_9351049
942 _h"X;(B)pl, N70, L0"
_cCC
999 _c695082
_d695082